| 000 | 00857nam a2200277 a 4500 | ||
|---|---|---|---|
| 008 | |||
| 020 | _a0340645849 (pbk.) | ||
| 049 | _aMAIN | ||
| 090 |
_aQA76.73.C153 _bBRA |
||
| 100 | 1 | _aBramer, Brian. | |
| 245 | 1 | 0 |
_aC++ for engineers / _cBrian Bramer, Susan Bramer. |
| 246 | 3 | _aC plus plus for engineers. | |
| 260 |
_aLondon : _bArnold, _cc1996. |
||
| 300 |
_axi, 468 p. : _bill. ; _c25 cm. _e1 computer disk (3 1/2 in.). |
||
| 500 | _aRev. ed. of: C for engineers. c1993. | ||
| 504 | _aIncludes bibliographical references. | ||
| 500 | _aIncludes index. | ||
| 650 | 0 | _aC++ (Computer program language) | |
| 700 | 1 | _aBramer, Susan. | |
| 700 | 1 | _aBramer, Brian. | |
| 907 |
_a.b10175064 _b21-11-12 _c09-09-05 |
||
| 003 | |||
| 005 | 20230123134106.0 | ||
| 040 | _cNUST | ||
| 942 |
_cBOOKS _kQA76.73.C153 _mBRA |
||
| 999 |
_c159903 _d159903 |
||